000
00276nam a22001337a 4500
008
170313b xxu||||| |||| 00| 0 eng d
020
_a
027011011412
041
_a
eng
080
_a
591
100
_a
7
101
_a
SHM
245
_a
HEDGEHOGS
_c
WRIENDS,M.M
942
_2
udc
_c
BK
999
_c
7676
_d
7676